<?xml version="1.0" encoding="UTF-8"?>
<record
    xmlns:xsi="http://www.w3.org/2001/XMLSchema-instance"
    xsi:schemaLocation="http://www.loc.gov/MARC21/slim http://www.loc.gov/standards/marcxml/schema/MARC21slim.xsd"
    xmlns="http://www.loc.gov/MARC21/slim">

  <leader>02096nam a22003017a 4500</leader>
  <controlfield tag="001">1538</controlfield>
  <controlfield tag="003">FISKH</controlfield>
  <controlfield tag="005">20230905140608.0</controlfield>
  <controlfield tag="008">230905b        cb ||||| |||| 00| 0 khr d</controlfield>
  <datafield tag="020" ind1=" " ind2=" ">
    <subfield code="a">9789995054915</subfield>
  </datafield>
  <datafield tag="040" ind1=" " ind2=" ">
    <subfield code="a">FISKH </subfield>
    <subfield code="b">eng </subfield>
    <subfield code="c">FISKH </subfield>
    <subfield code="d">FISKH </subfield>
  </datafield>
  <datafield tag="082" ind1=" " ind2=" ">
    <subfield code="a">796.323</subfield>
  </datafield>
  <datafield tag="100" ind1=" " ind2=" ">
    <subfield code="a">Dary, Heng </subfield>
  </datafield>
  <datafield tag="245" ind1=" " ind2=" ">
    <subfield code="a">&#x1780;&#x17BC;&#x1793;&#x1794;&#x17B6;&#x179B;&#x17CB;&#x179C;&#x17C1;&#x1791;&#x1798;&#x1793;&#x17D2;&#x178F; / </subfield>
    <subfield code="c">&#x1793;&#x17B7;&#x1796;&#x1793;&#x17D2;&#x1792;&#x178A;&#x17C4;&#x1799; &#x17A0;&#x17C1;&#x1784; &#x178A;&#x17B6;&#x179A;&#x17B8;&#x200B;&#x200B; - &#x1782;&#x17BC;&#x179A;&#x179A;&#x17BC;&#x1794;&#x178A;&#x17C4;&#x1799; &#x1794;&#x17CA;&#x17BB;&#x178F; &#x179F;&#x17CA;&#x17BB;&#x1793;&#x179A;&#x17B7;&#x1793; </subfield>
  </datafield>
  <datafield tag="250" ind1=" " ind2=" ">
    <subfield code="a">&#x1794;&#x17C4;&#x17C7;&#x1796;&#x17BB;&#x1798;&#x17D2;&#x1796;&#x179B;&#x17BE;&#x1780;&#x1791;&#x17B8;&#x17E9; &#x1798;&#x17B7;&#x1790;&#x17BB;&#x1793;&#x17B6;&#x200B; &#x17E2;&#x17E0;&#x17E2;&#x17E2;</subfield>
  </datafield>
  <datafield tag="260" ind1=" " ind2=" ">
    <subfield code="a">Phnom Penh : </subfield>
    <subfield code="b">Sipar, </subfield>
    <subfield code="c">2022.</subfield>
  </datafield>
  <datafield tag="300" ind1=" " ind2=" ">
    <subfield code="a">23 pages : </subfield>
    <subfield code="b">color illustrations ; </subfield>
    <subfield code="c">24 cm</subfield>
  </datafield>
  <datafield tag="490" ind1=" " ind2=" ">
    <subfield code="a">&#x179A;&#x17BF;&#x1784;&#x178A;&#x17C6;&#x1794;&#x17BC;&#x1784;&#x17D7;</subfield>
  </datafield>
  <datafield tag="505" ind1=" " ind2=" ">
    <subfield code="a">G 
</subfield>
  </datafield>
  <datafield tag="520" ind1=" " ind2=" ">
    <subfield code="a">&#x178E;&#x17B9;&#x1784; &#x178E;&#x17B9;&#x1784; &#x1787;&#x17B6;&#x1794;&#x17B6;&#x179B;&#x17CB;&#x179C;&#x17C1;&#x1791;&#x1798;&#x1793;&#x17D2;&#x178F;&#x179A;&#x1794;&#x179F;&#x17CB;&#x178E;&#x17B6;&#x179A;&#x17BB;&#x17D4; &#x1782;&#x17D2;&#x179A;&#x17B6;&#x1793;&#x17CB;&#x178F;&#x17C2;&#x1794;&#x17C4;&#x17C7;&#x179C;&#x17B6;&#x1781;&#x17D2;&#x179B;&#x17B6;&#x17C6;&#x1784;&#x17D7; &#x179C;&#x17B6;&#x1793;&#x17B9;&#x1784;&#x1787;&#x1794;&#x17CB;&#x17A2;&#x17D2;&#x179C;&#x17B8;&#x17D7; &#x1791;&#x17C5;&#x178F;&#x17B6;&#x1798;&#x1794;&#x17C6;&#x178E;&#x1784;&#x1794;&#x17D2;&#x179A;&#x17B6;&#x1790;&#x17D2;&#x1793;&#x17B6;&#x17D4; &#x1790;&#x17D2;&#x1784;&#x17C3;&#x1798;&#x17BD;&#x1799;&#x178E;&#x17B6;&#x179A;&#x17BB;&#x1785;&#x1784;&#x17CB;&#x17A2;&#x17B6;&#x1793;&#x179F;&#x17C0;&#x179C;&#x1797;&#x17C5; &#x1782;&#x17C1;&#x1780;&#x17CF;&#x1794;&#x17C4;&#x17C7;&#x1794;&#x17B6;&#x179B;&#x17CB;&#x17D4; &#x1796;&#x17C1;&#x179B;&#x1780;&#x17C6;&#x1796;&#x17BB;&#x1784;&#x17A2;&#x17B6;&#x1793; &#x1782;&#x17C1;&#x1780;&#x17CF;&#x1783;&#x17BE;&#x1789;&#x1799;&#x1780;&#x17D2;&#x179F;&#x1798;&#x17BD;&#x1799;&#x1780;&#x17C6;&#x1796;&#x17BB;&#x1784;&#x178A;&#x17C1;&#x1789;&#x1785;&#x17B6;&#x1794;&#x17CB;&#x1780;&#x17BB;&#x1798;&#x17B6;&#x179A;&#x17B8;&#x178F;&#x17BC;&#x1785;&#x1798;&#x17D2;&#x1793;&#x17B6;&#x1780;&#x17CB; &#x1782;&#x17C1;&#x1780;&#x17CF;&#x1794;&#x17B6;&#x1793;&#x1787;&#x17BD;&#x1799;&#x179F;&#x1784;&#x17D2;&#x179A;&#x17D2;&#x1782;&#x17C4;&#x17C7;&#x1780;&#x17BB;&#x1798;&#x17B6;&#x179A;&#x17B8;&#x1793;&#x17C4;&#x17C7;&#x178A;&#x17C4;&#x1799;&#x1782;&#x1794;&#x17CB;&#x1794;&#x17B6;&#x179B;&#x17CB;&#x179C;&#x17C1;&#x1791;&#x1798;&#x1793;&#x17D2;&#x178F;&#x1791;&#x17C5;&#x179B;&#x17BE;&#x1799;&#x1780;&#x17D2;&#x179F;&#x17A0;&#x17BE;&#x1799;&#x1793;&#x17B6;&#x17C6;&#x1799;&#x1780;&#x1799;&#x1780;&#x17D2;&#x179F;&#x1791;&#x17C5;&#x1794;&#x17D2;&#x179A;&#x1797;&#x1796;&#x178A;&#x17BE;&#x1798;&#x179C;&#x17B7;&#x1789;&#x17D4; </subfield>
  </datafield>
  <datafield tag="520" ind1=" " ind2=" ">
    <subfield code="a">It will be Naru's magic ball. Just throw it hard, it will hold everything as desired. One day, Naru wanted to read a book, so he threw the ball. While reading, he saw a giant chasing a little girl, he rescued the girl by throwing a magic ball at the giant and brought the giant back to its original place.</subfield>
  </datafield>
  <datafield tag="521" ind1="8" ind2=" ">
    <subfield code="a">380


</subfield>
    <subfield code="b">Lexile estimate
</subfield>
  </datafield>
  <datafield tag="521" ind1="8" ind2=" ">
    <subfield code="a">G 
</subfield>
    <subfield code="b">Raz-Plus

</subfield>
  </datafield>
  <datafield tag="650" ind1=" " ind2=" ">
    <subfield code="a">&#x1794;&#x17B6;&#x179B;&#x17CB;&#x179C;&#x17C1;&#x1791;&#x1798;&#x1793;&#x17D2;&#x178F; </subfield>
    <subfield code="v">&#x1799;&#x1780;&#x17D2;&#x179F; </subfield>
    <subfield code="x">&#x178A;&#x17C1;&#x1789; </subfield>
  </datafield>
  <datafield tag="650" ind1=" " ind2=" ">
    <subfield code="a">Magic ball </subfield>
    <subfield code="v">Giant</subfield>
    <subfield code="x">Chase </subfield>
  </datafield>
  <datafield tag="700" ind1=" " ind2=" ">
    <subfield code="a">Sunrin, Bot</subfield>
    <subfield code="e">illustrator </subfield>
  </datafield>
  <datafield tag="942" ind1=" " ind2=" ">
    <subfield code="2">ddc</subfield>
    <subfield code="c">BK</subfield>
    <subfield code="n">0</subfield>
  </datafield>
  <datafield tag="999" ind1=" " ind2=" ">
    <subfield code="c">1538</subfield>
    <subfield code="d">1538</subfield>
  </datafield>
  <datafield tag="952" ind1=" " ind2=" ">
    <subfield code="0">0</subfield>
    <subfield code="1">0</subfield>
    <subfield code="2">ddc</subfield>
    <subfield code="4">0</subfield>
    <subfield code="7">0</subfield>
    <subfield code="8">KH</subfield>
    <subfield code="a">001</subfield>
    <subfield code="b">001</subfield>
    <subfield code="c">KHRS</subfield>
    <subfield code="d">2023-09-05</subfield>
    <subfield code="l">1</subfield>
    <subfield code="o">DAR 796.323</subfield>
    <subfield code="p">2023-0482</subfield>
    <subfield code="r">2024-12-03 08:53:44</subfield>
    <subfield code="s">2024-08-23</subfield>
    <subfield code="t">1</subfield>
    <subfield code="w">2023-09-05</subfield>
    <subfield code="y">KHB</subfield>
  </datafield>
  <datafield tag="952" ind1=" " ind2=" ">
    <subfield code="0">0</subfield>
    <subfield code="1">0</subfield>
    <subfield code="2">ddc</subfield>
    <subfield code="4">0</subfield>
    <subfield code="7">0</subfield>
    <subfield code="8">KH</subfield>
    <subfield code="a">001</subfield>
    <subfield code="b">001</subfield>
    <subfield code="c">KHRS</subfield>
    <subfield code="d">2023-09-05</subfield>
    <subfield code="l">1</subfield>
    <subfield code="o">DAR 796.323</subfield>
    <subfield code="p">2023-0483</subfield>
    <subfield code="r">2025-11-13 14:46:22</subfield>
    <subfield code="s">2025-08-22</subfield>
    <subfield code="t">2</subfield>
    <subfield code="w">2023-09-05</subfield>
    <subfield code="y">KHB</subfield>
  </datafield>
  <datafield tag="952" ind1=" " ind2=" ">
    <subfield code="0">0</subfield>
    <subfield code="1">0</subfield>
    <subfield code="2">ddc</subfield>
    <subfield code="4">0</subfield>
    <subfield code="7">0</subfield>
    <subfield code="8">KH</subfield>
    <subfield code="a">001</subfield>
    <subfield code="b">001</subfield>
    <subfield code="c">OKHR</subfield>
    <subfield code="d">2024-06-27</subfield>
    <subfield code="l">0</subfield>
    <subfield code="o">DAR 796.323</subfield>
    <subfield code="p">2024-0889</subfield>
    <subfield code="r">2024-06-27 10:07:00</subfield>
    <subfield code="t">3</subfield>
    <subfield code="w">2024-06-27</subfield>
    <subfield code="y">KHB</subfield>
  </datafield>
  <datafield tag="952" ind1=" " ind2=" ">
    <subfield code="0">0</subfield>
    <subfield code="1">0</subfield>
    <subfield code="2">ddc</subfield>
    <subfield code="4">0</subfield>
    <subfield code="7">0</subfield>
    <subfield code="8">KH</subfield>
    <subfield code="a">001</subfield>
    <subfield code="b">001</subfield>
    <subfield code="c">OKHR</subfield>
    <subfield code="d">2024-06-27</subfield>
    <subfield code="l">0</subfield>
    <subfield code="o">DAR 796.323</subfield>
    <subfield code="p">FISTK03654</subfield>
    <subfield code="r">2024-06-27 11:25:33</subfield>
    <subfield code="t">4</subfield>
    <subfield code="w">2024-06-27</subfield>
    <subfield code="y">KHB</subfield>
  </datafield>
  <datafield tag="952" ind1=" " ind2=" ">
    <subfield code="0">0</subfield>
    <subfield code="1">0</subfield>
    <subfield code="2">ddc</subfield>
    <subfield code="4">0</subfield>
    <subfield code="7">0</subfield>
    <subfield code="8">KH</subfield>
    <subfield code="a">001</subfield>
    <subfield code="b">001</subfield>
    <subfield code="c">OKHR</subfield>
    <subfield code="d">2024-06-27</subfield>
    <subfield code="l">2</subfield>
    <subfield code="o">DAR 796.323</subfield>
    <subfield code="p">FISTKG1B002</subfield>
    <subfield code="r">2025-06-09 14:35:03</subfield>
    <subfield code="s">2025-02-14</subfield>
    <subfield code="t">5</subfield>
    <subfield code="w">2024-06-27</subfield>
    <subfield code="y">KHB</subfield>
  </datafield>
  <datafield tag="952" ind1=" " ind2=" ">
    <subfield code="0">0</subfield>
    <subfield code="1">0</subfield>
    <subfield code="2">ddc</subfield>
    <subfield code="4">0</subfield>
    <subfield code="7">0</subfield>
    <subfield code="8">KH</subfield>
    <subfield code="a">001</subfield>
    <subfield code="b">001</subfield>
    <subfield code="c">OKHR</subfield>
    <subfield code="d">2024-07-08</subfield>
    <subfield code="l">0</subfield>
    <subfield code="o">DAR 796.323</subfield>
    <subfield code="p">FISTK03656</subfield>
    <subfield code="r">2024-07-08 10:04:06</subfield>
    <subfield code="t">6</subfield>
    <subfield code="w">2024-07-08</subfield>
    <subfield code="y">KHB</subfield>
  </datafield>
  <datafield tag="952" ind1=" " ind2=" ">
    <subfield code="0">0</subfield>
    <subfield code="1">0</subfield>
    <subfield code="2">ddc</subfield>
    <subfield code="4">0</subfield>
    <subfield code="7">0</subfield>
    <subfield code="8">KH</subfield>
    <subfield code="a">001</subfield>
    <subfield code="b">001</subfield>
    <subfield code="c">OKHR</subfield>
    <subfield code="d">2024-07-08</subfield>
    <subfield code="l">0</subfield>
    <subfield code="o">DAR 796.323</subfield>
    <subfield code="p">FISBK03798</subfield>
    <subfield code="r">2024-07-08 10:05:23</subfield>
    <subfield code="t">7</subfield>
    <subfield code="w">2024-07-08</subfield>
    <subfield code="y">KHB</subfield>
  </datafield>
  <datafield tag="952" ind1=" " ind2=" ">
    <subfield code="0">0</subfield>
    <subfield code="1">0</subfield>
    <subfield code="2">ddc</subfield>
    <subfield code="4">0</subfield>
    <subfield code="7">0</subfield>
    <subfield code="8">KH</subfield>
    <subfield code="a">001</subfield>
    <subfield code="b">001</subfield>
    <subfield code="c">OKHR</subfield>
    <subfield code="d">2024-07-08</subfield>
    <subfield code="l">0</subfield>
    <subfield code="o">DAR 796.323</subfield>
    <subfield code="p">FISTKG2A001</subfield>
    <subfield code="r">2024-07-08 10:36:17</subfield>
    <subfield code="t">8</subfield>
    <subfield code="w">2024-07-08</subfield>
    <subfield code="y">KHB</subfield>
  </datafield>
  <datafield tag="952" ind1=" " ind2=" ">
    <subfield code="0">0</subfield>
    <subfield code="1">0</subfield>
    <subfield code="2">ddc</subfield>
    <subfield code="4">0</subfield>
    <subfield code="7">0</subfield>
    <subfield code="8">KH</subfield>
    <subfield code="a">001</subfield>
    <subfield code="b">001</subfield>
    <subfield code="c">OKHR</subfield>
    <subfield code="d">2024-07-08</subfield>
    <subfield code="l">1</subfield>
    <subfield code="o">DAR 796.323</subfield>
    <subfield code="p">2024-0925</subfield>
    <subfield code="r">2025-06-09 14:19:43</subfield>
    <subfield code="s">2024-12-03</subfield>
    <subfield code="t">9</subfield>
    <subfield code="w">2024-07-08</subfield>
    <subfield code="y">KHB</subfield>
  </datafield>
  <datafield tag="952" ind1=" " ind2=" ">
    <subfield code="0">0</subfield>
    <subfield code="1">0</subfield>
    <subfield code="2">ddc</subfield>
    <subfield code="4">0</subfield>
    <subfield code="7">0</subfield>
    <subfield code="8">KH</subfield>
    <subfield code="a">001</subfield>
    <subfield code="b">001</subfield>
    <subfield code="c">OKHR</subfield>
    <subfield code="d">2024-07-08</subfield>
    <subfield code="l">1</subfield>
    <subfield code="o">DAR 796.323</subfield>
    <subfield code="p">FISTK03655</subfield>
    <subfield code="r">2024-12-04 14:41:30</subfield>
    <subfield code="s">2024-08-13</subfield>
    <subfield code="t">10</subfield>
    <subfield code="w">2024-07-08</subfield>
    <subfield code="y">KHB</subfield>
  </datafield>
  <datafield tag="952" ind1=" " ind2=" ">
    <subfield code="0">0</subfield>
    <subfield code="1">0</subfield>
    <subfield code="2">ddc</subfield>
    <subfield code="4">0</subfield>
    <subfield code="7">0</subfield>
    <subfield code="8">KH</subfield>
    <subfield code="a">002</subfield>
    <subfield code="b">002</subfield>
    <subfield code="c">TTP Khmer</subfield>
    <subfield code="d">2025-08-21</subfield>
    <subfield code="l">0</subfield>
    <subfield code="o">DAR 796.323</subfield>
    <subfield code="p">2025-4186</subfield>
    <subfield code="r">2025-08-21 12:49:53</subfield>
    <subfield code="t">11</subfield>
    <subfield code="w">2025-08-21</subfield>
    <subfield code="y">KHB</subfield>
  </datafield>
  <datafield tag="952" ind1=" " ind2=" ">
    <subfield code="0">0</subfield>
    <subfield code="1">0</subfield>
    <subfield code="2">ddc</subfield>
    <subfield code="4">0</subfield>
    <subfield code="7">0</subfield>
    <subfield code="8">KH</subfield>
    <subfield code="a">002</subfield>
    <subfield code="b">002</subfield>
    <subfield code="c">TTP Khmer</subfield>
    <subfield code="d">2025-11-27</subfield>
    <subfield code="l">1</subfield>
    <subfield code="o">DAR 796.323</subfield>
    <subfield code="p">2025-4961</subfield>
    <subfield code="r">2026-02-27 15:33:33</subfield>
    <subfield code="s">2026-02-02</subfield>
    <subfield code="t">12</subfield>
    <subfield code="w">2025-11-27</subfield>
    <subfield code="y">KHB</subfield>
  </datafield>
</record>
